000 00727nam a2200217 i 4500
001 77518
003 ES-MaACL
005 20240522063035.0
007 t|
008 931025q18741900it f ||||1| ita d
100 0 _aDe Amicis, Edmondo,
_d1846-1908
_943032
245 1 0 _aRicordi di Londra /
_cdi Edmondo De Amicis ; seguiti da Una visita ai quartieri poveri di Londra / di L. Simonin.
250 _a9ยช ed.
260 _aMilano :
_bFratelli Treves,
_c[ca. 1874]
300 _a110 p., [1] h. :
_bil. ;
_c23 cm.
490 1 _aBiblioteca di Viaggi ;
_v22
700 1 _aSimonin, Louis.
_9132758
830 0 _aBiblioteca di Viaggi ;
_v22
_9231354
852 _aES-MaACL
_jT-557-F-9
999 _c77518
_d77518